| 000 | 01339pam a2200325 a 4500 | ||
|---|---|---|---|
| 001 | 689594 | ||
| 003 | ARRUPE | ||
| 005 | 20131216124931.0 | ||
| 008 | 960311s1996 txu b 001 0 eng | ||
| 010 | _a 96013818 | ||
| 020 | _a0870743929 (cloth : alk. paper) | ||
| 020 | _a0870743937 (pbk. : alk. paper) | ||
| 040 |
_aDLC _cDLC _dDLC |
||
| 050 | 0 | 0 |
_aR726 _b.M87 1996 |
| 082 | 0 | 0 |
_a174/.24 _220 |
| 245 | 0 | 0 |
_aMust we suffer our way to death? : _bcultural and theological perspectives on death by choice / _cedited by Ronald P. Hamel, Edwin R. DuBose. |
| 250 | _a1st ed. | ||
| 260 |
_aDallas, Tex. : _bSouthern Methodist University Press, _c1996. |
||
| 300 |
_axii, 355 p. ; _c24 cm. |
||
| 500 | _a"A book from the Park Ridge Center for the Study of Health, Faith, and Ethics." | ||
| 504 | _aIncludes bibliographical references and index. | ||
| 650 | 0 |
_aAssisted suicide _xMoral and ethical aspects. _95736 |
|
| 650 | 0 |
_aEuthanasia _xMoral and ethical aspects. _95737 |
|
| 700 | 1 |
_aHamel, Ronald P., _d1946- _95738 |
|
| 700 | 1 |
_aDuBose, Edwin R. _95739 |
|
| 710 | 2 |
_aPark Ridge Center (Ill.) _95740 |
|
| 906 |
_a7 _bcbc _corignew _d1 _eocip _f19 _gy-gencatlg |
||
| 942 |
_2lcc _cMONOGRAPH |
||
| 999 |
_c119274 _d119274 |
||